Roman Gods - Male or Female? Quiz Stats

 Plays Quiz Updated Nov 29, 2015

Also try: Mythological Match
Challenge
Share
Tweet
Embed
Score 0/30 Timer 07:00
0 Plays Today
Name Male (M) or Female (F) % Correct
Apollo???
95.6%
Diana???
93.9%
Bellona???
92.6%
Mars???
90.9%
Jupiter???
90.5%
Mercury???
89.9%
Neptune???
89.8%
Minerva???
89.8%
Feronia???
88.3%
Fortuna???
88.1%
Luna???
87.8%
Fontus???
87.5%
Saturn???
87.4%
Terminus???
85.2%
Vulcan???
85.2%
Name Male (M) or Female (F) % Correct
Orcus???
84%
Venus???
82.9%
Vesta???
82.7%
Janus???
80.7%
Vortumnus???
80.7%
Summanus???
75.8%
Sol???
74.7%
Liber???
72.1%
Juno???
68.4%
Ceres???
65.3%
Vediovis???
54.7%
Ops???
25.3%
Tellus???
22%
Salus???
20.7%
Fides???
19.8%

You're not logged in!

Compare scores with friends on all Sporcle quizzes.
OR
Log In

You Might Also Like...

Show Comments

Extras

Top Quizzes Today


Score Distribution

Your Account Isn't Verified!

In order to create a playlist on Sporcle, you need to verify the email address you used during registration. Go to your Sporcle Settings to finish the process.

Report this User

Report this user for behavior that violates our Community Guidelines.

Details: